000 00575nam a22001937a 4500
005 20251108170530.0
008 250721s1996 xx 000 0 ara d
082 1 4 _a923.2095694/بوا
100 1 _aالبواب، سليمان سليم
245 1 0 _aمذكرات إسحق رابين و السلام الكاذب /
264 1 _aدمشق :
_bالمنارة،
_c1996.
300 _a135ص
650 1 7 _aالتراجم
650 1 7 _aالعلوم السياسية
650 1 7 _aإسرائيل
650 1 7 _aالإسرائيليون
942 _2ddc
_cBK
999 _c42798
_d42798